Political Parties of Ireland - Statistics

General Stats
  • This quiz has been taken 26 times
  • The average score is 7 of 10
Answer Stats
Picture Answer % Correct
Sinn Féin
100%
Labour
88%
Fianna Fáil
84%
Fine Gael
84%
Green Party
76%
Aontú
68%
Social Democrats
68%
People Before Profit–Solidarity
60%
Independent Ireland
52%
100% Redress
36%
No matching quizzes found
Score Distribution
Percent of People with Each Score
Percentile by Number Answered
Your Score History
You have not taken this quiz